Statistics for Plaka Kodu - Şehir Eşleştirme (Türkiye)

Click here to take the quiz!

General Stats

  • This quiz has been taken 6 055 times
  • The average score is 27 of 81

Answer Stats

HintAnswer% Correct
01Adana
100%
02Adıyaman
86%
06Ankara
82%
07Antalya
76%
03Afyonkarahisar
74%
04Ağrı
66%
05Amasya
63%
34İstanbul
61%
10Balıkesir
58%
16Bursa
57%
35İzmir
57%
09Aydın
52%
08Artvin
51%
31Hatay
51%
21Diyarbakır
46%
17Çanakkale
45%
11Bilecik
42%
20Denizli
42%
19Çorum
41%
61Trabzon
41%
12Bingöl
39%
18Çankırı
39%
25Erzurum
39%
42Konya
39%
33Mersin
39%
14Bolu
38%
22Edirne
38%
24Erzincan
38%
13Bitlis
37%
15Burdur
37%
81Düzce
37%
26Eskişehir
37%
27Gaziantep
37%
23Elazığ
36%
28Giresun
33%
38Kayseri
33%
44Malatya
33%
55Samsun
33%
36Kars
32%
41Kocaeli
32%
32Isparta
31%
29Gümüşhane
29%
30Hakkari
29%
37Kastamonu
28%
53Rize
28%
58Sivas
28%
52Ordu
27%
45Manisa
25%
48Muğla
24%
47Mardin
23%
54Sakarya
23%
46Kahramanmaraş
22%
40Kırşehir
22%
43Kütahya
22%
60Tokat
22%
39Kırklareli
21%
80Osmaniye
21%
67Zonguldak
21%
50Nevşehir
20%
57Sinop
20%
49Muş
19%
51Niğde
19%
63Şanlıurfa
19%
59Tekirdağ
19%
66Yozgat
19%
62Tunceli
18%
56Siirt
17%
68Aksaray
16%
65Van
16%
64Uşak
13%
69Bayburt
12%
77Yalova
12%
72Batman
9%
70Karaman
9%
79Kilis
9%
71Kırıkkale
9%
78Karabük
8%
75Ardahan
7%
74Bartın
7%
76Iğdır
7%
73Şırnak
7%

Score Distribution

Percentile by Number Answered

Percent of People with Each Score

Your Score History

You have not taken this quiz